Reviews of modern physics /

Guardado en:
Autor Corporativo: American Physical Society
Formato: Revista
Idioma:English
Publicado: Minneapolis : American Physical Society, 1957- .
Materias:
Etiquetas: Agregar Etiqueta
Sin Etiquetas, Sea el primero en etiquetar este registro!
LEADER 00929nas a2200193 4500
001 CARPC.000092
005 20080606161601.0
008 010504c19579999xxuq|#p#######0###a0eng||
022 |a 0034-6861 
210 0 |a Rev. mod. phys. 
245 0 0 |a Reviews of modern physics /  |c American Physical Society. 
260 |a Minneapolis :  |b American Physical Society,  |c 1957- . 
310 |a Trimestral. 
362 0 |a Vol. 1, no. 1 (1957)- . 
510 0 |a ISI-SCI 
710 2 |a American Physical Society 
653 |a Fisica 
866 |9 EUN  |a 1957-1970 29-42; 1972-1984 44-56; 1986-1987 58-59; 1992 64; 1993 65(1) 
866 |9 FUN  |a 1977-1979 30-32; 1980 33(1-9); 1981 34(1); 1983 36(2-12); 1984 37(1-5,7-12); 1985 38(1,3-5,7-8,11-12); 1986 39(1-8,11-12); 1987 40(1-8,11-12); 1989 42; 1990 43(1,3); 1991 44(5,7-12); 1992 45(1-9); 1993 46(1,5,8,11-12); 1994-1997 47-50; 1998 51(1-5,7-12); 1999 52(1-8,10-12); 2000 53; 2001 54(1-9,12); 2002 55(3-12); 2003 56(1-8)